000
00334nam a2200145Ia 4500
008
230718s9999 xx 000 0 und d
041
_a
Eng.
082
_a
343.54
_b
ANJ-R
100
_a
Anjum,Naeem
245
0
_a
Rexted premises 2009
260
_a
Pakistan
_b
Manzoor book house
_c
2010
300
_a
136
650
_a
Law
999
_c
30350
_d
30350